Love Island 2024 - Statistics

General Stats
  • This quiz has been taken 207 times
    191 since last reset
  • The average score is 10 of 15
Answer Stats
Answer % Correct
Joey
88%
Jess
83%
Nicole
79%
Ronnie
79%
Ayo
77%
Ciaran
71%
Sam
71%
Uma
69%
Mimii
67%
Harriett
65%
Sean
62%
Samantha
61%
Patsy
55%
Munveer
50%
Omar
34%
No matching quizzes found
Score Distribution
Percent of People with Each Score
Percentile by Number Answered
Your Score History
You have not taken this quiz since the last reset